The envoy : the epic rescue of the last Jews of Europe in the desperate closing months of World War II /

The epic and heroic story of how Raoul Wallenberg out-dueled Adolph Eichmann and saved more than 100,000 Jews in Budapest from the Nazi death camps.

Bibliographic Details
Main Author: Kershaw, Alex
Format: Book
Language:English
Published: Cambridge, Mass. : Da Capo Press, Inc., [2010]
Subjects:

MARC

Tag First Indicator Second Indicator Subfields
LEADER 00000cam a2200000Ia 4500
001 in00002673721
005 20151202112945.0
008 100712s2010 mauabcf b 001 0deng d
010 |a  2010927187 
019 |a 225874957 
020 |a 9780306815577 (hc.) 
020 |a 0306815575 (hc.) 
029 1 |a NZ1  |b 13491133 
035 |a (OCoLC)ocn656544874 
035 |a (OCoLC)656544874 
040 |a TOH  |c TOH  |d NOG  |d UPZ  |d JAI  |d EINCP  |d BTCTA  |d BAKER  |d YDXCP  |d ZAG  |d WCM  |d IHI  |d UtOrBLW 
049 |a TXAM 
050 1 4 |a D804.66.W35  |b K47 2010 
082 0 4 |a 940.53/1835/092  |a B  |2 22 
100 1 |a Kershaw, Alex. 
245 1 4 |a The envoy :  |b the epic rescue of the last Jews of Europe in the desperate closing months of World War II /  |c Alex Kershaw. 
264 1 |a Cambridge, Mass. :  |b Da Capo Press, Inc.,  |c [2010] 
264 4 |c ©2010 
300 |a x, 294 pages, 16 unnumbered pages of plates :  |b illustrations, facsimiles, maps, portraits ;  |c 23 cm. 
336 |a text  |b txt  |2 rdacontent 
337 |a unmediated  |b n  |2 rdamedia 
338 |a volume  |b nc  |2 rdacarrier 
504 |a Includes bibliographical references (pages 269-277) and index. 
520 |a The epic and heroic story of how Raoul Wallenberg out-dueled Adolph Eichmann and saved more than 100,000 Jews in Budapest from the Nazi death camps. 
650 0 |a World War, 1939-1945  |x Jews  |x Rescue  |z Hungary  |z Budapest. 
650 0 |a Rescue work  |z Hungary  |z Budapest  |x History  |y 20th century. 
600 1 0 |a Wallenberg, Raoul,  |d 1912-1947. 
600 1 0 |a Eichmann, Adolf,  |d 1906-1962. 
650 0 |a Diplomats  |z Sweden  |v Biography. 
650 0 |a Righteous Gentiles in the Holocaust  |v Biography. 
650 0 |a Jews  |x Persecutions  |z Hungary  |z Budapest  |x History  |y 20th century. 
650 0 |a Holocaust, Jewish (1939-1945)  |z Hungary  |z Budapest. 
651 0 |a Budapest (Hungary)  |x Ethnic relations  |x History  |y 20th century. 
938 |a Baker and Taylor  |b BTCP  |n BK0007760638 
938 |a Baker & Taylor  |b BKTY  |c 24.95  |d 18.71  |i 0306815575  |n 0007760638  |s active 
938 |a YBP Library Services  |b YANK  |n 3280421 
945 |a PromptCat  |b 154885 
946 |a stk 
947 |a A14839784921 
994 |a 92  |b TXA 
948 |a Cataloged  |b h  |c 2010/12/7  |d c  |e ibarton 
999 |a MARS 
999 f f |s 98215ec2-41be-32eb-ae16-d5edba10f1a5  |i b1765fa6-9765-38d8-a4f6-3506362d714e  |t 0 
952 f f |p normal  |a Texas A&M University  |b College Station  |c Sterling C. Evans Library  |d Evans: Library Stacks  |t 0  |e D804.66.W35 K47 2010  |h Library of Congress classification  |i unmediated -- volume  |m A14839784921 
998 f f |a D804.66.W35 K47 2010  |t 0  |l Evans: Library Stacks